First Names of Northern Ireland Players Since 2000 - Statistics

General Stats
  • This quiz has been taken 31 times
    23 since last reset
  • The average score is 75 of 157
Answer Stats
% Correct
1996 Jon McCarthy 18
88%
2013 Jonny Steele 3
82%
2006 Jonny Evans 107 6
82%
2024 Aaron Donnelly 1
76%
1998 Aaron Hughes 112 1
76%
2003 Steve Jones 29 1
76%
1994 Steve Lomas 45 3
76%
2022 Conor McMenamin 9 1
71%
2021 Conor Bradley 23 4
71%
2018 Conor Hazard 8
71%
2016 Conor Washington 39 6
71%
2011 Conor McLaughlin 43 1
71%
2023 Michael Forbes 1
71%
2016 Michael Smith 19 1
71%
2010 Michael McGovern 32
71%
2010 Michael Bryan 2
71%
2008 Michael O'Connor 11
71%
2008 Michael Gault 1
71%
2005 Michael Ingham 3
71%
2002 Michael Duff 24
71%
1991 Michael Hughes 71 5
71%
2018 Paul Smyth 12 2
71%
2014 Paul Paton 4
71%
1999 Paul McVeigh 20
71%
2005 Steven Davis 140 13
71%
2011 Stuart Dallas 62 3
71%
2000 Stuart Elliott 39 4
71%
2012 Will Grigg 13 2
71%
2017 George Saville 53
65%
2001 George McCartney 34 1
65%
2012 James McPake 1
65%
2009 James Lawrie 3
65%
1996 James Quinn 50 4
65%
2010 Oliver Norwood 57
65%
2022 Paddy Lane 2
65%
2015 Paddy McNair 73 7
65%
2002 Paddy McCourt 18 2
65%
2009 Chris Casement 1
59%
2004 Chris Brunt 65 3
59%
2003 Chris Baird 79
59%
2020 Daniel Ballard 25 4
59%
2000 David Healy 95 36
59%
2024 Jamie Reid 8 1
59%
2011 Jamie Ward 35 4
59%
2010 Jamie Mulgrew 2
59%
1991 Jim Magilton 52 5
59%
2010 Johnny Gorman 9
59%
2011 Josh Carson 4
59%
2010 Josh Magennis 80 12
59%
2010 Josh McQuoid 5
59%
2018 Kyle Vassell 2
59%
2006 Kyle Lafferty 89 20
59%
2009 Stephen Carson 1
59%
2003 Stephen Craigan 54
59%
1997 Stephen Robinson 7
59%
2020 Alistair McCann 8 1
53%
2010 Craig Cathcart 73 2
53%
1996 Ian Nolan 17
53%
2010 Kevin Braniff 2
53%
1995 Kevin Horlock 32
53%
2024 Lee Bonis 1
53%
2011 Lee Camp 9
53%
2010 Lee Hodson 24
53%
2002 Lee McEvilly 1
53%
2006 Mark Hughes 2
53%
2004 Mark Clyde 3
53%
1999 Mark Williams 36 1
53%
1997 Roy Carroll 45
53%
2014 Ryan McLaughlin 5
53%
2008 Ryan McGivern 24
53%
2021 Sam McClelland 1
53%
2006 Alan Blayney 5
47%
2004 Alan Mannus 9
47%
2013 Alex Bruce 2
47%
2003 Andy Smith 18
47%
2000 Andy Kirk 11
47%
2023 Brad Lyons 1
47%
2006 Brian McLean 1
47%
2011 Carl Winchester 1
47%
2009 Colin Coates 6
47%
2000 Colin Murdock 34 1
47%
2005 Gareth McAuley 80 9
47%
2023 Isaac Price 18 6
47%
2018 Jordan Thompson 38
47%
2017 Jordan Jones 19 1
47%
2011 Jordan Owens 1
47%
2021 Luke Southwood 1
47%
2014 Luke McCullough 6
47%
2009 Martin Donnelly 1
47%
2007 Martin Paterson 22 3
47%
1994 Neil Lennon 40 2
47%
2008 Niall McGinn 72 6
47%
1995 Pat McGibbon 7
47%
1992 Phil Gray 26 6
47%
2009 Shane Ferguson 57 2
47%
2022 Shea Charles 23
47%
2018 Bailey Peacock-Farrell 48
41%
2023 Callum Marshall 8
41%
2009 Corry Evans 69 2
41%
2021 Dion Charles 27 4
41%
2023 Eoin Toal 6
41%
2019 Ethan Galbraith 4
41%
1990 Gerry Taggart 51 7
41%
2018 Jamal Lewis 39
41%
2005 Peter Thompson 8 1
41%
1998 Peter Kennedy 20
41%
2009 Robert Garrett 5
41%
2023 Ross McCausland 4
41%
2006 Seán Webb 4
41%
2018 Trevor Carson 8
41%
2014 Ben Reeves 2
35%
2013 Billy Mckay 11
35%
2022 Brodie Spencer 13
35%
2019 Ciaron Brown 21
35%
2012 Danny Lafferty 13
35%
1997 Danny Sonner 13
35%
1996 Danny Griffin 29 1
35%
2018 Gavin Whyte 30 5
35%
2024 Pierce Charles 4
35%
2017 Tom Flanagan 15
35%
2022 Trai Hume 15
35%
2002 Warren Feeney 46 5
35%
2009 Andrew Little 9
29%
2023 Cameron McGeehan 1
29%
2024 Caolan Boyd-Munce 2
29%
2021 Dale Taylor 8
29%
2008 Jonathan Tuffey 8
29%
2024 Justin Devenny 1
29%
1994 Keith Gillespie 86 2
29%
2014 Liam Donnelly 4
29%
2011 Liam Boyce 28 2
29%
2020 Matty Kennedy 5
29%
2016 Matty Lund 3
29%
2010 Rory McArdle 7
29%
2010 Rory Patterson 5 1
29%
2017 Shay McCartan 2
29%
2004 Tony Capaldi 22
29%
2011 Adam Thompson 2
24%
2010 Adam Barton 1
24%
2019 Alfie McCalmont 4
24%
1999 Damien Johnson 56
24%
2005 Dean Shiels 14 1
24%
2003 Gary Hamilton 5
24%
2001 Grant McCann 39 4
24%
2005 Ivan Sproule 11 1
24%
1997 Philip Mulryne 27 3
24%
2006 Sammy Clingan 39
24%
2018 Shayne Lavery 19 3
24%
2003 Tommy Doherty 9
24%
2003 Ciarán Toner 2
18%
2006 Jeff Hughes 2
18%
1997 Jeff Whitley 20 3
18%
1999 Maik Taylor 88
18%
1999 Glenn Ferguson 5
12%
2002 Shaun Holmes 1
12%
1999 Adrian Coote 6
6%
2024 Ruairi McConville 2
6%
No matching quizzes found
Score Distribution
Percent of People with Each Score
Percentile by Number Answered
Your Score History
You have not taken this quiz since the last reset